Prognóza spotřeby vybraných stopových a vzácnych prvků

Saved in:
Bibliographic Details
Main Author: Trebichavský, Jan
Format: Book
Language:Czech
Published: Praha Ústředí vědeckých, technických a ekonomických informací 1986
Tags: Add Tag
No Tags, Be the first to tag this record!

MARC

LEADER 00000nam a2200000 4500
001 c033027
005 20251204074836.4
041 0 |a cze 
044 |a CZ 
245 1 0 |a Prognóza spotřeby vybraných stopových a vzácnych prvků  |c Jan Trebichavský 
264 1 |a Praha  |b Ústředí vědeckých, technických a ekonomických informací  |c 1986 
300 |a 94 s. 
100 1 |a Trebichavský, Jan